00945cam a22002654a 450000100090000000300040000900500170001300800410003001000170007102000150008804000180010304200080012105000230012908200150015210000300016724500580019726000380025530000290029350400410032265000260036370000160038985600770040585600910048285601060057313234561OSt20210118152413.0030611s2003 caua b 000 0 eng  a 2003013408 a0830732918 aDLCcDLCdDLC apcc00aBV4811b.W673 200300a242/.22211 aWooden, John,d1910-2010.10aCoach Wooden :bone-on-one /cJohn Wooden, Jay Carty. aVentura, Calif. :bRegal,cc2003. a172 p. :bill. ;c24 cm. aIncludes bibliographical references. 0aDevotional calendars.1 aCarty, Jay.413Table of contentsuhttp://www.loc.gov/catdir/toc/ecip045/2003013408.html423Publisher descriptionuhttp://www.loc.gov/catdir/enhancements/fy1007/2003013408-d.html423Contributor biographical informationuhttp://www.loc.gov/catdir/enhancements/fy1007/2003013408-b.html